La Organización Industrial en México /

La primera parte de este texto explora la estructura de la industria mexicana para establecer una tipología de estructura de mercado aplicable a 180 industrias consideradas; analiza el tipo de bienes producidos, el el tipo de produce y la competencia que se da entre ellas. La segunda parte estudia l...

Descripció completa

Guardat en:
Dades bibliogràfiques
Autor principal: Casar, José I. (autor)
Format: Llibre
Idioma:espanyol
Matèries:
Etiquetes: Afegir etiqueta
Sense etiquetes, Sigues el primer a etiquetar aquest registre!

MARC

LEADER 00000nam^a2200000^a^4500
001 000027825
005 20250625000000.0
009 20260310084823.466
020 |a 968-23-1558-1 
037 |a Acervo ITESO - Biblioteca 
041 |a ESP 
082 |a 338. 09  |b CAS 
100 |a Casar, José I.  |e (autor) 
245 1 3 |a La Organización Industrial en México /  |c J.I. Casar... [et al.]. 
264 |a México :  |b Siglo XXI :  |b Instituto Latinoamericano de Estudios Transnacionales,  |c 1990 
300 |a 445 p. 
336 |a texto  |b txt  |2 rdacontenido 
337 |a sin mediación  |b n  |2 rdamedio 
338 |a volumen  |b nc  |2 rdasoporte 
520 |a La primera parte de este texto explora la estructura de la industria mexicana para establecer una tipología de estructura de mercado aplicable a 180 industrias consideradas; analiza el tipo de bienes producidos, el el tipo de produce y la competencia que se da entre ellas. La segunda parte estudia los dereminantes de diversos aspectos de desempeño económico de la industria nacional (eficiencia técnica, progreso técnico, desempeño en el comercio exterior). 
649 |a XX 
650 |a Economía -  |z México 
650 |a Industria -  |z México 
910 |a Fondo General 
920 |a Impresos - Libros 
930 |a Colección General 
905 |a 101 
901 |a 0500240843  |b IT1  |c ACC  |d DT  |i D66912  |u 20250625 
902 |a https://opac.biblio.iteso.mx/vufind/Record/000027825